| 000 | 01060nac a22002651u 4500 | ||
|---|---|---|---|
| 010 | _a 2004023623 | ||
| 020 | _a0765614928 (cloth : alk. paper) | ||
| 082 | 0 | 0 |
_a658.31240917 _bDAL |
| 090 |
_c6790 _d6790 |
||
| 100 | _aDaly, John L. [ed.] | ||
| 245 | 0 | 0 |
_aTraining in developing nations : _ba handbook for expatriates / _cJohn L. Daly, editor. |
| 260 |
_aArmonk, N.Y. : _bM.E. Sharpe, _cc2005. |
||
| 300 |
_axvi, 212 p. : _bill. ; _c24 cm. |
||
| 500 | _aDistributer: Al-Ahram. | ||
| 504 | _aIncludes bibliographical references and index. | ||
| 511 | _aCatalogued By: Mahitab. | ||
| 650 | 0 |
_aTraining _zDeveloping countries. |
|
| 650 | 0 |
_aTeachers _xTraining of. |
|
| 650 | 0 |
_aExpatriation _xPsychological aspects. |
|
| 650 | 0 | _aCultural awareness. | |
| 650 | 0 | _aAdaptability (Psychology) | |
| 856 | 4 | 1 |
_3Table of contents _uhttp://www.loc.gov/catdir/toc/ecip052/2004023623.html |
| 942 |
_cBB _k658.31240917DAL |
||
| 999 |
_c6790 _d6790 |
||